000 00668nam a22002057a 4500
003 URS
005 20250929105440.0
008 250929b |||||||| |||| 00| 0 eng d
020 _a978-971-23-8668-8
040 _aDLC
_bDLC
_cDLC
_dURS
082 _21st edition
_a362.2
_bUy1 2018
100 _aUychoco, Marikit Tara A.
245 _aCommunication For Society
_bPurposive Communication
_cMarikit Tara A. Uychoco
260 _aSampaloc, Manila:
_bRex Book Store, Inc. (RBSI),
_c2018
300 _axii, 232 pages;
_c25 cm
504 _aincludes bibliography and index.
648 _aCommunitaion--Study and Teaching
700 _aSantos, Maria Lorena
942 _2ddc
_cF
999 _c86950
_d86948